000 00262nam a22001217a 4500
008 171030b xxu||||| |||| 00| 0 eng d
041 _aeng
080 _a336
100 _a57
101 _aFIN
245 _aCORPORATE FINANCE THE CORE
_cBERK,J
942 _2udc
_cBK
999 _c36417
_d36417